Who Ran That Time? - Maple Hill Varsity XC - Statistics

General Stats
  • This quiz has been taken 3 times
  • The average score is 3 of 10
Answer Stats
Question Answer % Correct
Who ran 21:57 at Section 2 Championships 2025 Liam N
100%
Who ran 19:15 at Maple Hill Kiwanis Glover Invitational Allan
50%
Who ran 18:26 at Maple Hill Kiwanis Glover Invitational? Drew
50%
Who ran 17:53 at the New York State Championship. Jack
50%
Who ran 18:56 at the New York State Championship. Kyle
50%
Who ran a 26:04 at Blackbird Invitational? Antonio
0%
Who ran 18:36 at Galway Invitational Kyle
0%
Who ran 17:01 at Patroon Conference Championship 2025? Liam C
0%
Who ran 19:32 at Blackbird Invitational? Liam C
0%
Who ran 20:00 at Section 2 Championships 2025 Tiski
0%
No matching quizzes found
Score Distribution
Percent of People with Each Score
Percentile by Number Answered
Your Score History
You have not taken this quiz